000 00288nam a2200133Ia 4500
999 _c14079
_d14079
003 OSt
005 20260413150226.0
008 260210s9999 xx 000 0 und d
020 _a9788499362472
100 _aFKG
245 0 _a500 Tricks Accessories
260 _bFKG
942 _cBDES
_2ddc